00562nam a2200205 a 450000100060000000300090000600800410001502000150005604000280007108200100009910000230010924500240013226000310015630000130018749000180020059000760021865000330029494200120032799900170033913402CO-ViMGA141112s2004 ck r 000 u spa d a9580425833 aCO-ViMGAbspacCO-ViMGA aKASti1 aKasza, Keiko9287210aEl Tigre y el raton aBogotá : bNorma, c2000 a30 : ils aBuenas noches aForma de adquisición : compra proyecto 2005 1 ej. - - Precio : 11.61014aCUENTOS INFANTILES JAPONESES 2ddccBK c11442d11442